Target costing: a management accounting strategic tool

Na minha lista:
Detalhes bibliográficos
Autor principal: Lajoš, Branislav
Formato: Capítulo de Livro
Idioma:inglês
Tags: Adicionar Tag
Sem tags, seja o primeiro a adicionar uma tag!

MARC

LEADER 00000nla$a2200000$$$4500
001 0064751
005 20240502071748.4
041 0 |a eng 
044 |a SK 
245 1 0 |a Target costing: a management accounting strategic tool  |c Branislav Lajoš 
100 1 |a Lajoš, Branislav